Arnold Schwarzenegger Movies by Picture - Statistics

General Stats
  • This quiz has been taken 71 times
  • The average score is 10 of 16
Answer Stats
Picture Answer % Correct
Terminator 2: Judgment Day
98%
Predator
94%
Conan the Barbarian
89%
Kindergarten Cop
87%
Twins
83%
Batman & Robin
75%
True Lies
75%
Total Recall
73%
The Expendables
63%
Hercules in New York
62%
The Running Man
59%
Last Action Hero
52%
Escape Plan
37%
The 6th Day
29%
The Last Stand
25%
Sabotage
17%
No matching quizzes found
Score Distribution
Percent of People with Each Score
Percentile by Number Answered
Your Score History
You have not taken this quiz